1136 1744 1456 1273 1637 1524 1793 1686 1526 1204 1423 1804 1670 1430 1240 1563 1188 1335 1044 1146 1138 1596 1922 1459 1670 1278 1703 1092 1553 1608 1226 1169 1478 1057 1111 1203 1873 1180 1081 1242 1302 1844 1603 1378 1458 1949 1157 1098 1622 1157 1359 1983 1160 1027 1802 1992 1791 1109 1772 1550 1474 1915 1617 1266 1169 1972 1784 1762 1117 1184 1058 1023 1011 1243 1621 1013 1291 1725 1941 1146 1414 1639 1073 1141 1190 1110 1503 1097 1267 1298 1133 1983 1238 1333 1699 1289 1598 1310 1329 BCNSPRNW ULIB Ver.6.0+V

เปลี่ยนเป็นภาษาไทย

Change to English
 แสดงรายละเอียดบรรณานุกรม
  กลับหน้าหลัก

Brief Record : Get Marc (ISO 2709) : E-mail record : QR code < ปิดหน้าต่าง
LEADER : 00000nam 2200000uu 4500
001    13399126852
003     ULIB
008    020711s|||| th a 000 0 tha d
060    วจ^aWY152^bม189ก
100    ^aมยุรี บุญทัด
245    ^aการพัฒนารูปแบบพฤติกรรมส่งเสริมสุขภาพผู้สูงอายุโรคความดันโลหิตสูงในชุมชนชนบทแห่งหนึ่ง จังหวัดชัยนาท : Development of Health Promotion Behaviors Model of Older people with Hypertension in a Rural community, Chainat
260    ^aชัยนาท :^bกลุ่มวิชาการ วิทยาลัยพยาบาลบรมราชชนนี ชัยนาท,^cม.ป.ป.
650    ^aผู้สูงอายุ^xโรคความดันโลหิตสูง
945    ^p0^l0^i005511
999    ^aประนอม เกษจรัล
รายการนี้ยังไม่มีแท็ก
คุณยังไม่ได้ล็อกอิน คุณสามารถมีกิจกรรมร่วมกับเว็บไซต์ได้ แต่ต้องล็อกอินก่อน ::
  ล็อกอิน

รายการสื่อสารสนเทศ

ลำดับที่ ประเภท เลขเรียก/บาร์โค้ด สถานที่ สถานะ
1. Book การพยาบาล
Book การพยาบาล
วจ WY152 ม189ก ฉ.1 
  Barcode: 005511
ห้องสมุดวิทยาเขตสวรรค์ประชารักษ์
►หนังสือทั่วไป
บนชั้น

BibComment


ยังไม่เคยถูกคอมเมนท์

คอมเมนท์ทรัพยากรรายการนี้
  คอมเมนท์: การพัฒนารูปแบบพฤ..


 Copyright 2026. Bcnsprnw @Library